Представление документа в формате MARC21

Поле Инд. ПП Название Значение
Тип записи a
Библиографический уровень m
001 Контрольный номер 0974ef6d-3dcf-4518-8c2d-15fda1cf3c94
005 Дата корректировки 20140226181126.6
008 Кодируемые данные 960426 d
020 c Цена, тираж 0.71
080 a Индекс УДК 514.743(075.8)
084 a Индекс другой классификации/Индекс ББК В151.51я731-1
090 a Полочн. индекс 517.7
x Авторский знак А39
100 1_ a Автор Акивис Макс Айзикович
q Полное имя Акивис М. А.
245 10 a Заглавие Тензорное исчисление
b Продолж. заглавия учебное пособие для вузов
250 a Основные сведения об издании 2-е изд., стер.
260 0_ a Место издания Москва
b Издательство Наука
c Дата издания 1972
300 a Объем 351 с.
440 _0 a Серия Избранные главы высшей математики для инженеров и студентов втузов
650 a Основная рубрика Тензорное исчисление
x Основная подрубрика Учебники для вузов
653 a Ключевые слова Тензорное исчисление
a Ключевые слова Учебники
700 1_ a Другие авторы Гольдберг Владислав Викторович
q Полное имя Гольдберг, В. В.
852 t Порядковый номер экземпляра 4
p Инвентарный номер 377627
p Инвентарный номер 409696
p Инвентарный номер 391538
p Инвентарный номер 390060
852 t Порядковый номер экземпляра 19
p Инвентарный номер 1365 -19
930 a Новая/Ретро учебники
954 a Дата поступления на обработку 20011012
999 a Подразделение 2 Фил3
a Подразделение 2 Фил3